Plantas medicinales y medicina natural. Conversaciones con el Ingeniero Civil Roberto Williams Benavente.

Enregistré dans:
Détails bibliographiques
Auteur principal: Chateauneuf Deglin, Rolando Alfredo (profesor guía)
Autres auteurs: Benavides Muñoz, Marcela Rebeca (autora)
Format: Livre
Publié: Santiago, Chile: Ocho Libros, 2016.
Édition:Cuarta edición.
Sujets:
Tags: Ajouter un tag
Pas de tags, Soyez le premier à ajouter un tag!

MARC

LEADER 00000nam a22000007a 4500
003 CL-VaPUC
005 20230920134933.0
008 220830t2016 ||||| |||| 00| 0 eng d
999 |c 438570  |d 438568 
020 |a 978-956-335-278-8 
040 |c Pontificia Universidad Católica de Valparaíso 
082 |2 22  |a 633.88 CHA 2016 
100 |a Chateauneuf Deglin, Rolando Alfredo  |e profesor guía  |9 796460 
245 |a Plantas medicinales y medicina natural.  |b Conversaciones con el Ingeniero Civil Roberto Williams Benavente. 
250 |a Cuarta edición.  
260 |a Santiago, Chile:  |b Ocho Libros,  |c 2016. 
300 |a 378 páginas. 
500 |a c.1 Donación Escuela Agronomía. Memo Cur 25/07/2022. 
583 |c 20220830  |k Catalogador Asistente 
600 0 |9 876362  |a Williams Benavente, Roberto,   |d 1934-  |x Ingeniero civil   |x Plantas medicinales (Estudios) 
650 0 |9 508657  |a Medicina natural   |x Hierbas y plantas  
650 0 |a Plantas medicinales  |x Uso terapéutico   |9 876361 
650 0 |a Medicina alternativa   |x Fitoterapia  |9 876363 
700 |a Benavides Muñoz, Marcela Rebeca  |e autora  |9 876094 
942 |2 ddc  |c BK 
952 |0 0  |1 0  |2 ddc  |4 0  |6 633_880000000000000_CHA_2016  |7 0  |8 A  |9 586502  |a BIBAGR  |b BIBAGR  |c GEN  |d 2022-08-30  |e Donación  |i 5654463  |o 633.88 CHA 2016  |p 5654463  |r 2025-01-20  |t 1  |w 2022-08-30  |y BK  |k AGR